<?xml version="1.0" encoding="UTF-8"?>
<record
    xmlns:xsi="http://www.w3.org/2001/XMLSchema-instance"
    xsi:schemaLocation="http://www.loc.gov/MARC21/slim http://www.loc.gov/standards/marcxml/schema/MARC21slim.xsd"
    xmlns="http://www.loc.gov/MARC21/slim">

  <leader>01195nam a22002775a 4500</leader>
  <controlfield tag="003">EG-ScBUE</controlfield>
  <controlfield tag="005">20211123093801.0</controlfield>
  <controlfield tag="008">190505s2017    ua     f      000 f ara d</controlfield>
  <datafield tag="017" ind1=" " ind2=" ">
    <subfield code="a">2017 / 9065</subfield>
  </datafield>
  <datafield tag="020" ind1=" " ind2=" ">
    <subfield code="a">9789778200232</subfield>
  </datafield>
  <datafield tag="040" ind1=" " ind2=" ">
    <subfield code="a">EG-ScBUE</subfield>
    <subfield code="b">ara</subfield>
    <subfield code="e">rda</subfield>
    <subfield code="c">EG-ScBUE</subfield>
    <subfield code="d">EG-ScBUE</subfield>
  </datafield>
  <datafield tag="082" ind1="0" ind2="4">
    <subfield code="a">892.736</subfield>
    <subfield code="b">&#x62A; &#x648; &#x641;</subfield>
    <subfield code="2">22</subfield>
  </datafield>
  <datafield tag="100" ind1="1" ind2=" ">
    <subfield code="a">&#x62A;&#x648;&#x641;&#x64A;&#x642;&#x60C; &#x623;&#x62D;&#x645;&#x62F; &#x62E;&#x627;&#x644;&#x62F;&#x60C;</subfield>
    <subfield code="d">1962-2018&#x60C;</subfield>
    <subfield code="e">&#x645;&#x624;&#x644;&#x641;.</subfield>
    <subfield code="9">40942</subfield>
  </datafield>
  <datafield tag="245" ind1="1" ind2="0">
    <subfield code="a">&#x632;&#x63A;&#x627;&#x632;&#x64A;&#x63A; /</subfield>
    <subfield code="c">&#x62A;&#x623;&#x644;&#x64A;&#x641; &#x62F;. &#x623;&#x62D;&#x645;&#x62F; &#x62E;&#x627;&#x644;&#x62F; &#x62A;&#x648;&#x641;&#x64A;&#x642;.</subfield>
  </datafield>
  <datafield tag="264" ind1=" " ind2="1">
    <subfield code="a">&#x627;&#x644;&#x62C;&#x64A;&#x632;&#x629;&#x60C; &#x645;&#x635;&#x631; :</subfield>
    <subfield code="b">&#x643;&#x64A;&#x627;&#x646; &#x644;&#x644;&#x646;&#x634;&#x631; &#x648;&#x627;&#x644;&#x62A;&#x648;&#x632;&#x64A;&#x639;&#x60C;</subfield>
    <subfield code="c">2017.</subfield>
  </datafield>
  <datafield tag="300" ind1=" " ind2=" ">
    <subfield code="a">165 &#x635;&#x641;&#x62D;&#x629; &#x61B;</subfield>
    <subfield code="c">20 &#x633;&#x645;</subfield>
  </datafield>
  <datafield tag="336" ind1=" " ind2=" ">
    <subfield code="2">rdacontent</subfield>
    <subfield code="a">&#x646;&#x635;</subfield>
    <subfield code="b">txt</subfield>
  </datafield>
  <datafield tag="337" ind1=" " ind2=" ">
    <subfield code="2">rdamedia</subfield>
    <subfield code="a">&#x628;&#x62F;&#x648;&#x646; &#x648;&#x633;&#x64A;&#x637;</subfield>
    <subfield code="b">n</subfield>
  </datafield>
  <datafield tag="338" ind1=" " ind2=" ">
    <subfield code="2">rdacarrier</subfield>
    <subfield code="a">&#x645;&#x62C;&#x644;&#x62F;</subfield>
    <subfield code="b">nc</subfield>
  </datafield>
  <datafield tag="520" ind1=" " ind2=" ">
    <subfield code="a">&#x645;&#x646; &#x645;&#x62A;&#x62C;&#x631; &#x639;&#x644;&#x627;&#x62C; &#x627;&#x644;&#x627;&#x643;&#x62A;&#x626;&#x627;&#x628;&#x60C; &#x623;&#x631;&#x62F;&#x646;&#x627; &#x623;&#x646; &#x646;&#x623;&#x62A;&#x64A;&#x643; &#x628;&#x62F;&#x639;&#x627;&#x628;&#x627;&#x62A; &#x638;&#x631;&#x64A;&#x641;&#x629; .. &#x623;&#x648; &#x646;&#x643;&#x627;&#x62A; &#x645;&#x636;&#x62D;&#x643;&#x629; .. &#x623;&#x648; &#x637;&#x631;&#x627;&#x626;&#x641; &#x645;&#x633;&#x644;&#x64A;&#x629; .. &#x623;&#x648; &#x645;&#x64C;&#x64E;&#x644;&#x62D; &#x645;&#x642;&#x631;&#x638;&#x629;&#x60C; &#x641;&#x644;&#x645; &#x646;&#x62C;&#x62F; &#x644;&#x644;&#x623;&#x633;&#x641; .. &#x644;&#x647;&#x630;&#x627; &#x627;&#x628;&#x62A;&#x639;&#x646;&#x627; &#x644;&#x643; &#x646;&#x635;&#x641; &#x643;&#x64A;&#x644;&#x648; &#x632;&#x63A;&#x627;&#x632;&#x64A;&#x63A;...
</subfield>
  </datafield>
  <datafield tag="650" ind1=" " ind2="7">
    <subfield code="a">&#x627;&#x644;&#x642;&#x635;&#x635; &#x627;&#x644;&#x639;&#x631;&#x628;&#x64A;&#x629;</subfield>
    <subfield code="z">&#x645;&#x635;&#x631;</subfield>
    <subfield code="y">&#x642;&#x631;&#x646; 21.</subfield>
    <subfield code="2">BUEsh</subfield>
  </datafield>
  <datafield tag="651" ind1=" " ind2=" ">
    <subfield code="2">BUEsh</subfield>
  </datafield>
  <datafield tag="653" ind1=" " ind2=" ">
    <subfield code="b">ARALIT</subfield>
    <subfield code="b">GGEN</subfield>
    <subfield code="c">May2019</subfield>
  </datafield>
  <datafield tag="655" ind1=" " ind2=" ">
    <subfield code="v">Reading book</subfield>
    <subfield code="9">34232</subfield>
  </datafield>
  <datafield tag="942" ind1=" " ind2=" ">
    <subfield code="2">ddc</subfield>
  </datafield>
  <datafield tag="999" ind1=" " ind2=" ">
    <subfield code="c">27434</subfield>
    <subfield code="d">27405</subfield>
  </datafield>
  <datafield tag="952" ind1=" " ind2=" ">
    <subfield code="0">0</subfield>
    <subfield code="1">0</subfield>
    <subfield code="2">ddc</subfield>
    <subfield code="4">0</subfield>
    <subfield code="7">0</subfield>
    <subfield code="8">Alahram</subfield>
    <subfield code="a">MAIN</subfield>
    <subfield code="b">MAIN</subfield>
    <subfield code="c">Group Study Rooms</subfield>
    <subfield code="d">2019-05-05</subfield>
    <subfield code="e">Purchase</subfield>
    <subfield code="g">40.00</subfield>
    <subfield code="h">529</subfield>
    <subfield code="o">892.736 &#x62A; &#x648; &#x641;</subfield>
    <subfield code="p">000044637</subfield>
    <subfield code="q">2025-05-27</subfield>
    <subfield code="r">2025-05-20 00:00:00</subfield>
    <subfield code="s">2025-05-20</subfield>
    <subfield code="v">50.00</subfield>
    <subfield code="y">BB</subfield>
    <subfield code="z">Room (M) - &#x623;&#x62D;&#x645;&#x62F; &#x62E;&#x627;&#x644;&#x62F; &#x62A;&#x648;&#x641;&#x64A;&#x642;</subfield>
  </datafield>
</record>
